Catalog

Record Details

Catalog Search



Old Testament Criticism : Its Rise and Progress; From the Second Century to the End of the Eighteenth. A Historical Sketch / Edward McQueen Gray.

Record details

  • Physical Description: 252 s.
  • Publisher: New York, London : Harper & Brothers, Publishers , 1923

Available copies

  • 1 of 1 copy available at Common Catalog SPOK.

Holds

  • 0 current holds with 1 total copy.
Show All Copies
Location Call Number / Copy Notes Barcode Shelving Location Status Due Date
ETS Library 221.7 424470016389 Volný výběr Available -

LDR 00815nam a22002413a 4500
00135296
003CZ-PrJAB
00520180314220327.0
007ta
008970401s1923 |||||||er|||||||||||||||d
035 . ‡a(CONS)13678
035 . ‡a(CZ PrCU)000098888
040 . ‡aABD027 ‡bcze ‡cABD027
082 . ‡a221.7
1001 . ‡aGray, Edward McQueen ‡4aut
24510. ‡aOld Testament Criticism : ‡bIts Rise and Progress; From the Second Century to the End of the Eighteenth. A Historical Sketch / ‡nEdward McQueen Gray.
260 . ‡aNew York, London : ‡bHarper & Brothers, Publishers , ‡c1923
300 . ‡a252 s.
8524 . ‡bETS ‡bETS ‡cVolný výběr ‡j221.7 ‡p424470016389 ‡y$50.00
910 . ‡aABG450
993 1. ‡1ETF ‡2005 ‡31V 218 ‡650-22879 ‡550-22879 ‡f04 ‡mBOOK ‡w000098888 ‡x000010
997 . ‡aBK
999 . ‡a13678 ‡c13678 ‡tbiblio
905 . ‡uadmin
901 . ‡a35296 ‡b ‡c35296 ‡tbiblio ‡sets

Additional Resources